LEADER 01076nam0-2200361li-450 001 990000262500203316 005 20180312154607.0 010 $a3-527-25879-5 035 $a0026250 035 $aUSA010026250 035 $a(ALEPH)000026250USA01 035 $a0026250 100 $a20001109g19831986km-y0itay0103----ba 101 0 $aeng 102 $aGW 200 1 $aOrganic synthesis$econcepts, methods, starting materials$fJürgen Fuhrhop, Gustav Penzlin 210 $aWeinheim$cVCH$dcopyr. 1983 (stampa 1986) 215 $aXI, 355 p.$cill.$d25 cm 610 1 $achimica organica$asintesi 676 $a5472$9. 700 1$aFuhrhop,$bJürgen$091368 702 1$aPenzlin,$bGustav 801 $aSistema bibliotecario di Ateneo dell' Università di Salerno$gRICA 912 $a990000262500203316 951 $a547.2 FUH (A)$b0011645 959 $aBK 969 $aSCI 979 $c19900410 979 $c20001110$lUSA01$h1715 979 $c20020403$lUSA01$h1634 979 $aPATRY$b90$c20040406$lUSA01$h1619 996 $aOrganic synthesis$9396885 997 $aUNISA LEADER 01399nam--2200421---450- 001 990000493240203316 005 20050614125951.0 010 $a88-7042-333-6 035 $a0049324 035 $aUSA010049324 035 $a(ALEPH)000049324USA01 035 $a0049324 100 $a20010605h----1984km-y0itay0103----ba 101 $aita 102 $aIT 105 $a||||||||001yy 200 1 $aPer una teoria del soggetto$emarxismo e psicoanalisi$edibattiti fra marxisti mittleuropei sul fattore soggettivo e sulla psicoanalisi, 1900-1933$fMarcella D'Abbiero 210 $aNapoli$cGuida$h1984 215 $a222 p.$d23 cm 225 2 $aEsperienze$v113 410 $12001$aEsperienze$v113 606 0 $aSoggetto $xConcezione marxista 606 0 $aPsicoanalisi e marxismo$z1900-1930 676 $a111. 700 1$aD'ABBIERO,$bMarcella$0159480 801 0$aIT$bsalbc$gISBD 912 $a990000493240203316 951 $aII.3. 468(IV E COLL. 4/113)$b136361 LM$cIV E COLL. 951 $aII.3. 468a(IV E COLL. 4/113 BIS)$b136491 LM$cIV E COLL. 959 $aBK 969 $aUMA 979 $aPATTY$b90$c20010605$lUSA01$h1113 979 $aPATTY$b90$c20010605$lUSA01$h1134 979 $c20020403$lUSA01$h1658 979 $aPATRY$b90$c20040406$lUSA01$h1634 979 $aCOPAT3$b90$c20050614$lUSA01$h1259 996 $aPer una teoria del soggetto$9490869 997 $aUNISA